Logo BPK

Biblioteka

Politechniki Koszalińskiej

Fizyka ciała stałego / (Rekord nr 2374)

Szczegóły MARC
000 -ETYKIETA REKORDU
podpole kontrolne o stałej długości 00376nam a2200157 i 4500
001 - NUMER KONTROLNY REKORDU
pole kontrolne bg
040 ## - ŹRÓDŁO KATALOGOWANIA
Instytucja, która utworzyła rekord BPK
041 ## - KOD JĘZYKA
Kod języka tekstu pol
008 - POLE O STAŁEJ DŁUGOŚCI - DANE KONTROLNE
podpole kontrolne o stałej długości s pl f |000 0 pol
100 1# - NAZWA OSOBOWA
Nazwa osobowa SUKIENNICKI, A.
245 #0 - TYTUŁ/ODPOWIEDZIALNOŚĆ
Tytuł Fizyka ciała stałego /
Pozostałe elementy strefy tytułu i oznaczenia odpowiedzialności A. Sukiennicki, A. Zagórski.
250 ## - STREFA WYDANIA
Oznaczenie wydania Wyd.2 zmien.
260 ## - STREFA ADRESU WYDAWNICZEGO
Miejsce wydania Warszawa,
Data publikacji, dystrybucji/powstania dokumentu 1984.
700 1# - HASŁO DODATKOWE - NAZWA OSOBOWA
Nazwa osobowa ZAGÓRSKI, A.
856 ## - LOKALIZACJA I DOSTĘP DO ELEKTRONICZNYCH DOKUMENTÓW ZDALNYCH
Link (URL) http://koha.tu.koszalin.pl/cgi-bin/koha/opac-detail.pl?biblionumber=2374
Tekst linku Katalog online BPK
942 ## - DODATKOWE ELEMENTY (KOHA)
Typ dokumentu Książka
Egzemplarze
Wycofany Status egzemplarza Uszkodzony Dostępność Lokalizacja stała Lokalizacja bieżąca Miejsce przechowywania Sygnatura Kod kreskowy Typ dokumentu
      Dostępny Biblioteka Politechniki Koszalińskiej Biblioteka Politechniki Koszalińskiej Wypożyczalnia BG P 34088 01133974 Książka
      Dostępny Biblioteka Politechniki Koszalińskiej Biblioteka Politechniki Koszalińskiej Wypożyczalnia BG P 34089 01133981 Książka
      Dostępny Biblioteka Politechniki Koszalińskiej Biblioteka Politechniki Koszalińskiej Wypożyczalnia BG P 34090 01133998 Książka
© 2023 Biblioteka Politechniki Koszalińskiej :: KOHA